000 002780000a22000970004500
100 1 _aBechtel, Lyn M.
245 1 0 _aGenesis 2.4b-3.24 : A myth about human maturation
300 _aNúm 67 (1995), Páginas 3-26
773 0 _tJournal for the Study of the Old Testament
942 _cANA
999 _c54650
_d54650